000 00900cam a22002654a 4500
001 12162256
005 20180308033147.0
008 000901s2001 moua bf 001 0 eng c
010 _a 00046540
020 _a0323013325 (pbk.)
035 _a(DNLM)100963819
040 _aDNLM/DLC
_cDLC
_dDLC
041 _aeng
042 _apcc
060 1 0 _a610.734
_bS786p 2001
080 _a610.734
082 0 0 _a610.734 STA
_221
100 1 _a2
101 _aINF
245 1 0 _aHandbook of public and community health nursing practice :
_cMarcia Stanhope, Ruth N. Knollmueller.
504 _aIncludes bibliographical references and index.
906 _a7
_bcbc
_corignew
_d1
_eocip
_f20
_gy-gencatlg
942 _2ddc
_cBK
999 _c44371
_d44371